00401nam a22001217a 4500999001700000082001200017100002500029245008100054260002700135300000700162942001100169952009900180 c66717d66714 aR/4CE16 aMazharuddin a16CE59 aEffect of Using FLY ASH on Fresh and Strength Properties of Self Compacting  aNawabshahbQUESTc2019 a37 cTHESIS 00104070aQUESTCLbRESEARCHd2020-11-26l0oR/4CE16pCEP/56-705r2020-11-26 00:00:00yTHESIS